000 00260nam a2200097Ia 4500
001 645047
005 20250826153616.0
008 250824s9999 xx 000 0 und d
245 0 _aFAUST ANTİK DÜNYA KLASİKLERİ
_cGOETHE
260 _bANTİK DÜNYA KLASİKLERİ
999 _c645047
_d645047